MARC

LEADER 00000nam0a2200000 4500
001 9714
005 20231101204656.0
010 |a 9667198170 
035 |a (RuTPU)RU\TPU\book\9769 
035 |a BOOK00009831 
090 |a 9714 
100 |a 20011209d1998 km y0rusy50 ca 
101 1 |a rus  |c chi 
102 |a UA 
105 |a y z 000zd 
200 1 |a Мудрецы Поднебесной  |e Сборник 
210 |a Симферополь  |c Реноме  |d 1998 
215 |a 384 с.  |c ил. 
225 1 |a Интеллектуальная библиотека 
464 |a Хань Фэй, 0 
600 0 |a Лао-цзы (Лаоцзы, Ли Эр)  |c древнекитайский философ  |f 4 -3 вв. до н. э.  |2 stltpui  |3 (RuTPU)RU\TPU\pers\699  |9 322 
600 0 |a Мо-цзы (Мо Ди)  |c древнекитайский философ  |f 479 - 400 гг. до н. э.  |2 stltpui  |3 (RuTPU)RU\TPU\pers\700 
600 0 |a Мэн-цзы (Мэн Кэ)  |c древнекитайский философ  |f около 372 - 289 гг. до н. э.  |2 stltpui  |3 (RuTPU)RU\TPU\pers\701 
600 0 |a Конфуций (Кун-цзы)  |c древне-китайский мыслитель, основатель конфуцианства  |f около 551 - 479 до н.э.  |2 stltpui  |3 (RuTPU)RU\TPU\pers\235 
600 0 |a Сюнь-цзы  |c древнекитайский философ  |c последователь Конфуция  |f около 313 - около 238 гг.до н. э.  |2 stltpush  |3 (RuTPU)RU\TPU\pers\11313 
600 0 |a Чжуан-цзы  |c древнекитайский философ  |c один из основателей даосизма  |f около 369-286 гг. до н. э.  |2 stltpui  |3 (RuTPU)RU\TPU\pers\702 
600 0 |a Хань Фэй  |c древнекитайский философ  |f 288 - 233 гг. до н. э.  |2 stltpush  |3 (RuTPU)RU\TPU\pers\11314 
606 1 |a Китайская философия  |2 stltpush  |3 (RuTPU)RU\TPU\subj\14445  |9 40828 
610 1 |a философия 
610 1 |a Китай 
610 1 |a древнекитайская философия 
686 |a Ю3(5Кит)  |v LBC/SL-A  |2 rubbk 
801 0 |a RU  |b 63413507  |c 20011209  |g PSBO 
801 2 |a RU  |b 63413507  |c 20141208  |g PSBO 
942 |c BK